=LDR 00000nam 2200000 4500 =001 INLIS000000000035992 =005 20130612141814 =008 ***********************************Ind** =035 ##$$0010-061300000035992 =041 ##$$a Ind =082 ##$$a 589.45 =090 ##$$a 589.45, Tim r =100 ##$$a Tim penulis PS =245 ##$$a Rumput laut, budi daya,pengolahan,pemasaran, Tim Penulis PS =260 ##$$a 2005 $b Jakarta =300 ##$$a v 99 hlm, ilus, 21 cm =850 ##$$a NBPNMAT